| 000 | 00820nam a2200265 a 4500 | ||
|---|---|---|---|
| 008 | |||
| 020 | _a9781442500570 (paperback) | ||
| 040 |
_aNUST _cNUST |
||
| 049 | _aMAIN | ||
| 090 |
_aBF713 _bPET |
||
| 100 | 1 | _aPeterson, Candida C. | |
| 245 | 1 | 0 |
_aLooking Forward Through the lifespan: _bdevelopmental psychology / _cPeterson, Candida C. |
| 250 | _aFifth Edition. | ||
| 260 |
_aAustralia : _bPearson, _c2010 |
||
| 300 |
_axxiii, 632 pages : _bcolour illustrations ; _c29 cm |
||
| 336 |
_atext _btxt _2rdacontent |
||
| 337 |
_aunmediated _bn _2rdamedia |
||
| 338 |
_avolume _bnc _2rdacarrier |
||
| 500 | _aIncludes index. | ||
| 650 | 1 | _aPsychology. | |
| 907 |
_a.b1041132x _b20-10-21 _c20-10-21 |
||
| 003 | |||
| 005 | 20230123141227.0 | ||
| 942 |
_cBOOKS _kBF713 _mPET |
||
| 999 |
_c169865 _d169865 |
||